[Event "MVP-ch Seniors op 17th"]
[Site "Binz"]
[Date "2017.12.07"]
[Round "9.76"]
[White "Helass, Ingo"]
[Black "Bachmann, Friedrich"]
[Result "1/2-1/2"]
[WhiteElo "1492"]
[BlackElo "1622"]
[PlyCount "47"]
[EventDate "2017.11.29"]
[EventType "swiss"]
[EventRounds "9"]
[EventCountry "GER"]
[SourceTitle "EXT 2019"]
[Source "ChessBase"]
[SourceDate "2018.10.10"]
[SourceVersion "1"]
[SourceVersionDate "2018.10.10"]
[SourceQuality "1"]

1. e4 e5 2. Nf3 Nc6 3. Bc4 Nf6 4. Nc3 Bc5 5. 0-0 0-0 6. d3 d6 7. h3 Na5 8. Bb3 Nxb3 9. axb3 a6 10. Bd2 h6 11. Qe1 Be6 12. Qc1 Nh7 13. Be3 Bxe3 14. fxe3 Qd7 15. Kh2 Qe7 16. Qe1 f5 17. exf5 Bxf5 18. e4 Be6 19. Qh4 Qxh4 20. Nxh4 Rxf1 21. Rxf1 Rf8 22. Nf5 Rf7 23. Kg1 c6 24. Nxd6 1/2-1/2

[Event "Niedersachsen-ch Seniors op 14th"]
[Site "Bad Bevensen"]
[Date "2011.07.07"]
[Round "3"]
[White "Panneke, Kurt"]
[Black "Bachmann, Friedrich"]
[Result "0-1"]
[WhiteElo "1561"]
[BlackElo "1388"]
[PlyCount "102"]
[EventDate "2011.07.05"]
[EventType "swiss"]
[EventRounds "9"]
[EventCountry "GER"]
[SourceTitle "EXT 2012"]
[Source "ChessBase"]
[SourceDate "2011.11.24"]
[SourceVersion "1"]
[SourceVersionDate "2011.11.24"]
[SourceQuality "1"]

1. d4 d5 2. Nf3 Nf6 3. e3 e6 4. Bd3 Nbd7 5. b3 c5 6. Ba3 Qa5+ 7. Nfd2 b5 8. 0-0 c4 9. Bxf8 Nxf8 10. bxc4 bxc4 11. Be2 c3 12. Nb3 Qc7 13. Qd3 a5 14. Nc5 N8d7 15. Qxc3 Nxc5 16. Qxc5 Qxc5 17. dxc5 Bd7 18. Nd2 Rc8 19. c4 Ne4 20. Nxe4 dxe4 21. a4 Rxc5 22. Rfd1 Ke7 23. Rd4 f5 24. f3 Bc6 25. fxe4 fxe4 26. Rb1 e5 27. Rd2 Rc8 28. Ra2 Rc7 29. Kf2 g6 30. g4 h6 31. Kg3 Rb7 32. Rxb7+ Bxb7 33. h4 Bc6 34. g5 h5 35. Kf2 Bd7 36. Ke1 Be6 37. Rb2 Bd7 38. Rb7 Kd6 39. Rb6+ Rc6 40. Ra6 Rxa6 41. c5+ Kxc5 42. Bxa6 Bxa4 43. Kd2 Bc6 44. Kc3 a4 45. Be2 Bd5 46. Kb2 Kb4 47. Bd1 a3+ 48. Ka1 Kc3 49. Bc2 Kd2 50. Bb1 Kxe3 51. Bc2 Kf4 0-1

[Event "Niedersachsen-ch Seniors op 13th"]
[Site "Bad Bevensen"]
[Date "2010.07.14"]
[Round "9"]
[White "Schwenke, Norbert"]
[Black "Bachmann, Friedrich"]
[Result "0-1"]
[WhiteElo "1404"]
[BlackElo "1376"]
[PlyCount "36"]
[EventDate "2010.07.06"]
[EventType "swiss"]
[EventRounds "9"]
[EventCountry "GER"]
[SourceTitle "EXT 2012"]
[Source "ChessBase"]
[SourceDate "2011.11.24"]
[SourceVersion "1"]
[SourceVersionDate "2011.11.24"]
[SourceQuality "1"]

1. f4 d5 2. b3 Nc6 3. Bb2 Bf5 4. e3 Nb4 5. Na3 e6 6. Nf3 Nf6 7. Nd4 Bg6 8. c3 Bh5 9. Be2 Nd3+ 10. Kf1 Bxe2+ 11. Kxe2 Nxb2 12. Qb1 Bxa3 13. d3 Nxd3 14. Kxd3 Bd6 15. Qf1 Ne4 16. Kc2 c6 17. Re1 Qa5 18. Qd3 Qxa2+ 0-1

[Event "Niedersachsen-ch Seniors op 13th"]
[Site "Bad Bevensen"]
[Date "2010.07.10"]
[Round "5"]
[White "Baeumcher, Karl"]
[Black "Bachmann, Friedrich"]
[Result "0-1"]
[WhiteElo "1400"]
[BlackElo "1376"]
[PlyCount "100"]
[EventDate "2010.07.06"]
[EventType "swiss"]
[EventRounds "9"]
[EventCountry "GER"]
[SourceTitle "EXT 2012"]
[Source "ChessBase"]
[SourceDate "2011.11.24"]
[SourceVersion "1"]
[SourceVersionDate "2011.11.24"]
[SourceQuality "1"]

1. g4 e5 2. Bg2 d5 3. e3 Qh4 4. h3 e4 5. c4 c6 6. cxd5 Nf6 7. Nc3 cxd5 8. Qb3 Qg5 9. Nb5 Na6 10. Bf1 Bd7 11. a3 Nc5 12. Qd1 Kd8 13. b4 a6 14. bxc5 axb5 15. Qb3 Bxc5 16. Bxb5 b6 17. Bb2 Ne8 18. Bxd7 Kxd7 19. Qb5+ Kc7 20. Rc1 Kd6 21. Qb3 Nc7 22. Ne2 Rhg8 23. d4 exd3 24. Qxd3 g6 25. Ng3 Rge8 26. Kf1 Ra5 27. e4 Qf4 28. Rc2 Kc6 29. Bd4 dxe4 30. Qe3 Qxe3 31. fxe3 Nd5 32. Kf2 Rxa3 33. Rhc1 Nb4 34. Rxc5+ bxc5 35. Rxc5+ Kd6 36. Rb5 Nd3+ 37. Kg1 Kc6 38. Rb6+ Kc7 39. Rb1 Ra2 40. Rf1 Re7 41. g5 Kd6 42. Rf6+ Kd5 43. Rb6 Ra5 44. h4 Rc7 45. Rf6 Rc1+ 46. Nf1 Ne5 47. Bxe5 Kxe5 48. Rxf7 Raa1 49. Rf4 Re1 50. Kf2 Rxf1+ 0-1

[Event "Niedersachsen-ch Seniors op 13th"]
[Site "Bad Bevensen"]
[Date "2010.07.07"]
[Round "2"]
[White "Bachmann, Friedrich"]
[Black "Schumacher, Horst"]
[Result "0-1"]
[WhiteElo "1376"]
[BlackElo "1627"]
[PlyCount "32"]
[EventDate "2010.07.06"]
[EventType "swiss"]
[EventRounds "9"]
[EventCountry "GER"]
[SourceTitle "EXT 2012"]
[Source "ChessBase"]
[SourceDate "2011.11.24"]
[SourceVersion "1"]
[SourceVersionDate "2011.11.24"]
[SourceQuality "1"]

1. e4 d5 2. exd5 Nf6 3. c4 c6 4. dxc6 Nxc6 5. Nf3 e5 6. Nc3 Bc5 7. h3 0-0 8. Ng5 e4 9. d3 Re8 10. dxe4 Qxd1+ 11. Nxd1 h6 12. Nf3 Nxe4 13. Be3 Nb4 14. Ke2 Nc2 15. Rc1 Nxe3 16. Nxe3 Nxf2 0-1

[Event "Niedersachsen-ch Seniors op 10th"]
[Site "Bad Bevensen"]
[Date "2007.07.11"]
[Round "9"]
[White "Bachmann, Friedrich"]
[Black "Timm, Christian"]
[Result "1/2-1/2"]
[WhiteElo "1447"]
[BlackElo "1517"]
[PlyCount "56"]
[EventDate "2007.07.03"]
[EventType "swiss"]
[EventRounds "9"]
[EventCountry "GER"]
[SourceTitle "EXT 2022"]
[Source "ChessBase"]
[SourceDate "2021.10.06"]
[SourceVersion "1"]
[SourceVersionDate "2021.10.06"]
[SourceQuality "1"]

1. e4 e6 2. d4 Be7 3. Nf3 b6 4. Nc3 Bb7 5. Bd3 d6 6. Bf4 Nf6 7. 0-0 0-0 8. e5 Nh5 9. Bg3 Nxg3 10. fxg3 Nd7 11. Be4 d5 12. Bd3 c5 13. dxc5 Bxc5+ 14. Kh1 a6 15. Qd2 Qc7 16. Qf4 Rac8 17. Ng5 g6 18. Rae1 d4 19. Nce4 Bxe4 20. Rxe4 h6 21. Nxf7 Nb8 22. Qf6 Qxf7 23. Ref4 Qxf6 24. Rxf6 Rxf6 25. Rxf6 Rc7 26. Rxe6 Re7 27. Rxg6+ Rg7 28. Rxh6 b5 1/2-1/2

[Event "Niedersachsen-ch Seniors op 10th"]
[Site "Bad Bevensen"]
[Date "2007.07.10"]
[Round "8"]
[White "Raitza, Egon"]
[Black "Bachmann, Friedrich"]
[Result "1-0"]
[WhiteElo "1637"]
[BlackElo "1447"]
[PlyCount "55"]
[EventDate "2007.07.03"]
[EventType "swiss"]
[EventRounds "9"]
[EventCountry "GER"]
[SourceTitle "EXT 2022"]
[Source "ChessBase"]
[SourceDate "2021.10.06"]
[SourceVersion "1"]
[SourceVersionDate "2021.10.06"]
[SourceQuality "1"]

1. d4 d5 2. Nf3 Nc6 3. e3 Nf6 4. c3 e6 5. Nbd2 Be7 6. Bd3 h6 7. 0-0 Bd6 8. Qe2 Qe7 9. Re1 Bd7 10. e4 e5 11. dxe5 Nxe5 12. Nxe5 Qxe5 13. exd5 Qxe2 14. Rxe2+ Kf8 15. c4 Re8 16. b3 Rxe2 17. Bxe2 Be5 18. Ba3+ Ke8 19. Rd1 Bf5 20. Nf3 Nd7 21. Nxe5 Nxe5 22. Re1 Kd8 23. f4 Ng6 24. g3 Re8 25. Kf2 h5 26. Bb2 f6 27. a3 Kd7 28. Bxh5 1-0

[Event "GER Seniors Derby 01st"]
[Site "Germany"]
[Date "2002.08.15"]
[Round "1"]
[White "Wittmann, Georg"]
[Black "Bachmann, Friedrich"]
[Result "1-0"]
[WhiteElo "1799"]
[BlackElo "1238"]
[PlyCount "93"]
[EventDate "2002.08.??"]
[EventType "swiss"]
[EventRounds "7"]
[EventCountry "GER"]
[SourceTitle "EXT 2006"]
[Source "ChessBase"]
[SourceDate "2005.11.24"]
[SourceVersion "1"]
[SourceVersionDate "2005.11.24"]
[SourceQuality "1"]

1. c4 e5 2. Nc3 Nf6 3. Nf3 Nc6 4. e3 d5 5. d4 e4 6. Ne5 Bb4 7. Bd2 Bxc3 8. Bxc3 Be6 9. cxd5 Bxd5 10. Bb5 0-0 11. Nxc6 bxc6 12. Be2 Rb8 13. Qa4 Ra8 14. Bb4 Re8 15. Rc1 Qd7 16. 0-0 Rab8 17. Qa3 h6 18. Bc5 Qe6 19. b3 Nd7 20. Rc2 Nxc5 21. Rxc5 Qd6 22. Rfc1 Ra8 23. Ra5 Qxa3 24. Rxa3 a5 25. Rc5 Reb8 26. Raxa5 Rxa5 27. Rxa5 Re8 28. Kf1 Kf8 29. Ra7 Re7 30. Ra8+ Re8 31. Rxe8+ Kxe8 32. Ke1 Kd7 33. Kd2 Kd6 34. Kc3 c5 35. dxc5+ Kxc5 36. b4+ Kb6 37. Bc4 Kc6 38. a4 f5 39. Kd4 Bxc4 40. Kxc4 g5 41. Kd4 Kd6 42. a5 h5 43. a6 Kc6 44. b5+ Kb6 45. Ke5 c5 46. bxc6 Kxa6 47. Kd6 1-0